| 000 | 00737nam a2200205Ia 4500 | ||
|---|---|---|---|
| 003 | OSt | ||
| 005 | 20240614120656.0 | ||
| 008 | 210210b1994 xxu||||| |||| 00| 0 eng d | ||
| 040 | _cAL | ||
| 041 | _aKannada | ||
| 082 | _aK894.9 KARB | ||
| 100 |
_aKARNATAKA SAHITYA AKADEMI _d ಕರ್ನಾಟಕ ಸಾಹಿತ್ಯ ಅಕಾಡೆಮಿ _9170816 |
||
| 245 |
_aBagalodi devaraya sahitya vachike _bಬಾಗಲೋಡಿ ದೇವರಾಯ ಸಾಹಿತ್ಯ ವಾಚಿಕೆ |
||
| 260 |
_aBengaluru _bKarnataka Sahitya Akademi _c1994 |
||
| 300 | _a30,173 | ||
| 690 |
_aKannada Criticism _9170825 |
||
| 700 |
_aSomanna Hongalli _dಸೋಮಣ್ಣ ಹೊಂಗಳ್ಳಿ Ed _9170826 |
||
| 906 | _a057809 | ||
| 942 |
_2ddc _cBK |
||
| 999 |
_c105109 _d105109 |
||